[Event "IV Scaccomatto A"]
[Site "Torino ITA"]
[Date "2002.11.22"]
[Round "5"]
[White "Racioppo, Paolo"]
[Black "Chille', Pasquale"]
[Result "1-0"]
[WhiteElo "2208"]
[BlackElo "1807"]
[PlyCount "93"]
[EventDate "2002.11.18"]

1. e4 e5 2. Bc4 Nf6 3. Qe2 Be7 4. Nf3 d6 5. d3 O-O 6. c3 Bg4 7. Bb3 Nfd7 8. h3
Be6 9. g4 Bxb3 10. axb3 Nc5 11. Nbd2 Ne6 12. Nf1 Nf4 13. Bxf4 exf4 14. h4 Nd7
15. d4 c5 16. N1d2 cxd4 17. cxd4 Rc8 18. Qd3 Qc7 19. O-O a6 20. Rfd1 Nf6 21.
Nh2 d5 22. e5 Nd7 23. Qf3 Nb6 24. Qxf4 f6 25. Nhf3 fxe5 26. Qxe5 Qxe5 27. dxe5
Rf4 28. g5 Bb4 29. Kg2 Rc2 30. Kg3 Bxd2 31. Nxd2 Rd4 32. Nf3 Rxd1 33. Rxd1 Rxb2
34. Nd4 Nd7 35. e6 Nc5 36. f3 Kf8 37. Re1 Ke8 38. Nf5 Rxb3 39. Nxg7+ Ke7 40.
Nf5+ Ke8 41. e7 Ne4+ 42. Kf4 Rb4 43. fxe4 a5 44. Ke5 dxe4 45. Ke6 Rb6+ 46. Nd6+
Rxd6+ 47. Kxd6 1-0

[Event "IV Scaccomatto A"]
[Site "Torino ITA"]
[Date "2002.11.22"]
[Round "5"]
[White "Ranieri, Fabrizio"]
[Black "Sorcinelli, Francesco"]
[Result "1-0"]
[WhiteElo "2173"]
[BlackElo "1965"]
[PlyCount "87"]
[EventDate "2002.11.18"]

1. e4 c5 2. Nf3 d6 3. d4 cxd4 4. Nxd4 Nf6 5. Nc3 g6 6. Be3 Bg7 7. f3 O-O 8. Qd2
Nc6 9. O-O-O d5 10. Qe1 e5 11. Nxc6 bxc6 12. exd5 Nxd5 13. Bc4 Be6 14. Ne4 Qb8
15. Bc5 Re8 16. h4 Nf4 17. Bxe6 Nxe6 18. Bd6 Qb6 19. h5 f5 20. Nc3 Rad8 21.
hxg6 hxg6 22. g4 Nd4 23. Ba3 Nxf3 24. Qe2 Rxd1+ 25. Nxd1 Nd4 26. Qc4+ Ne6 27.
gxf5 gxf5 28. Qh4 Nf8 29. Qh5 Rd8 30. Qxf5 Qd4 31. Qh5 c5 32. Nc3 e4 33. Qxc5
Qd2+ 34. Kb1 Bxc3 35. Qc4+ Qd5 36. Qxd5+ Rxd5 37. bxc3 Ne6 38. Re1 Ng5 39. Bc1
Rb5+ 40. Ka1 Ne6 41. Rxe4 Nc5 42. Rg4+ Kf7 43. Rg5 a6 44. c4 1-0

[Event "IV Scaccomatto A"]
[Site "Torino ITA"]
[Date "2002.11.22"]
[Round "5"]
[White "Saccona, Silvano"]
[Black "Vozza, Nicola"]
[Result "1/2-1/2"]
[WhiteElo "2101"]
[BlackElo "1822"]
[PlyCount "122"]
[EventDate "2002.11.18"]

1. e4 e5 2. Nf3 Nc6 3. c4 Nf6 4. Nc3 d6 5. h3 Be7 6. d4 exd4 7. Nxd4 O-O 8. Be2
Re8 9. O-O Nxd4 10. Qxd4 c6 11. Be3 Be6 12. Rad1 Nd7 13. f4 Nb6 14. b3 Bf6 15.
Qd3 Qe7 16. Bf3 Rad8 17. Qc2 Bf5 18. Rfe1 Bc8 19. Bf2 Qc7 20. Bg3 Nd7 21. Kh1
g6 22. Ne2 Bg7 23. Bh4 Bf6 24. Bg3 Bg7 25. Bh4 Bf6 26. Bxf6 Nxf6 27. Ng3 h5 28.
Re2 h4 29. Nf1 Qa5 30. Qb2 Nh5 31. b4 Qa4 32. Red2 Nxf4 33. Rxd6 Ne6 34. Ne3 a5
35. Rxd8 Rxd8 36. Rxd8+ Nxd8 37. Qf6 Ne6 38. Ng4 Qxb4 39. Nh6+ Kh7 40. Qxh4 Kg7
41. Ng4 Qc3 42. Qh6+ Kg8 43. e5 Qa1+ 44. Kh2 Ng7 45. Nf6+ Kf8 46. Qh8+ Ke7 47.
Ng8+ Ke6 48. Qxg7 Qxe5+ 49. Qxe5+ Kxe5 50. Nh6 Be6 51. Be2 a4 52. Ng4+ Kd4 53.
Nf6 a3 54. Ne8 Kc5 55. Nc7 Bxc4 56. Bxc4 Kxc4 57. g4 Kc3 58. h4 Kb2 59. h5 gxh5
60. gxh5 Kxa2 61. h6 Kb2 1/2-1/2

[Event "IV Scaccomatto A"]
[Site "Torino ITA"]
[Date "2002.11.23"]
[Round "6"]
[White "Gerard, Nicolas"]
[Black "Bjarnason, Oskar"]
[Result "1/2-1/2"]
[WhiteElo "2254"]
[BlackElo "2195"]
[PlyCount "41"]
[EventDate "2002.11.18"]

1. d4 d5 2. c4 c6 3. Nc3 Nf6 4. e3 a6 5. Nf3 b5 6. cxd5 cxd5 7. Ne5 e6 8. Bd3
Nbd7 9. f4 Bb7 10. O-O Be7 11. Bd2 O-O 12. Qf3 b4 13. Ne2 Ne4 14. Be1 a5 15. a3
bxa3 16. bxa3 a4 17. f5 f6 18. Nxd7 Qxd7 19. fxe6 Qxe6 20. Nf4 Qd7 21. Qe2
1/2-1/2

[Event "IV Scaccomatto A"]
[Site "Torino ITA"]
[Date "2002.11.23"]
[Round "6"]
[White "Maccagno, Giancarlo"]
[Black "Fassio, Luca"]
[Result "0-1"]
[WhiteElo "2130"]
[BlackElo "2194"]
[PlyCount "86"]
[EventDate "2002.11.18"]

1. e4 g6 2. d4 Bg7 3. Nc3 d6 4. Be3 c6 5. f4 Nf6 6. Nf3 O-O 7. h3 Qc7 8. Qd2
Nbd7 9. g4 e5 10. dxe5 dxe5 11. f5 Re8 12. O-O-O Bf8 13. fxg6 hxg6 14. Ng5 b5
15. Qf2 Bg7 16. Be2 Nf8 17. Rhf1 Be6 18. Qh4 N6h7 19. Nxe6 Nxe6 20. g5 Qe7 21.
Bxb5 cxb5 22. Nd5 Qf8 23. Nf6+ Bxf6 24. gxf6 Nf4 25. Bxf4 exf4 26. Qxf4 Re6 27.
e5 Rae8 28. Rd5 a6 29. h4 Rd8 30. Rfd1 Rxd5 31. Rxd5 Rc6 32. Qd2 Rc8 33. a3 Rb8
34. c3 a5 35. b4 axb4 36. cxb4 Qc8+ 37. Kb2 Qf5 38. Qh6 Nxf6 39. exf6 Qxf6+ 40.
Kb1 Qf3 41. Rg5 Qb3+ 42. Kc1 Rc8+ 43. Kd2 Rc2+ 0-1

[Event "IV Scaccomatto A"]
[Site "Torino ITA"]
[Date "2002.11.23"]
[Round "6"]
[White "Malano, Francesco"]
[Black "Soncin, Denis"]
[Result "0-1"]
[WhiteElo "2062"]
[BlackElo "2048"]
[PlyCount "59"]
[EventDate "2002.11.18"]

1. c4 e5 2. Nc3 d6 3. g3 Be6 4. Bg2 Nc6 5. d3 g6 6. e4 Bg7 7. Nge2 Nge7 8. O-O
O-O 9. Be3 Qd7 10. Qd2 f5 11. b3 Rf7 12. f4 a6 13. Rf2 Nd4 14. Raf1 Nec6 15.
Nd5 Nxe2+ 16. Rxe2 Nd4 17. Bxd4 exd4 18. exf5 Bxf5 19. Rfe1 c6 20. Ne7+ Kh8 21.
Nxf5 Qxf5 22. h4 h6 23. Kh2 g5 24. Bh3 Qg6 25. hxg5 hxg5 26. Rf1 gxf4 27. gxf4
Qh6 28. Re6 Qh4 29. Rxd6 Be5 30. fxe5 0-1

[Event "IV Scaccomatto A"]
[Site "Torino ITA"]
[Date "2002.11.23"]
[Round "6"]
[White "Pepino, Enrico"]
[Black "Saccona, Silvano"]
[Result "1/2-1/2"]
[WhiteElo "2084"]
[BlackElo "2101"]
[PlyCount "35"]
[EventDate "2002.11.18"]

1. e4 c6 2. d4 d5 3. Nc3 dxe4 4. Nxe4 Nf6 5. Ng3 e5 6. Nf3 exd4 7. Qxd4 Qxd4 8.
Nxd4 Bc5 9. Nb3 Bb6 10. Be2 O-O 11. O-O Be6 12. Bg5 Nbd7 13. Rad1 h6 14. Bf4
Rfe8 15. h3 a5 16. a3 Nc5 17. Nxc5 Bxc5 18. Be3 1/2-1/2

[Event "IV Scaccomatto A"]
[Site "Torino ITA"]
[Date "2002.11.23"]
[Round "6"]
[White "Pulito, Alberto"]
[Black "Ranieri, Fabrizio"]
[Result "1/2-1/2"]
[WhiteElo "2019"]
[BlackElo "2173"]
[PlyCount "42"]
[EventDate "2002.11.18"]

1. e4 e6 2. d4 d5 3. e5 c5 4. c3 Qb6 5. Nf3 Nc6 6. a3 c4 7. Nbd2 Na5 8. g3 Bd7
9. Bh3 h6 10. O-O O-O-O 11. Rb1 Kb8 12. Ne1 Ne7 13. f4 g6 14. Ng2 Nec6 15. Kh1
Be7 16. Ne3 Nb3 17. Nf3 Nca5 18. Qe2 Ba4 19. Ng4 Nc6 20. Be3 Rc8 21. Nf2 Nba5
1/2-1/2

[Event "IV Scaccomatto A"]
[Site "Torino ITA"]
[Date "2002.11.23"]
[Round "6"]
[White "Racioppo, Paolo"]
[Black "Ivanov, Jordan"]
[Result "0-1"]
[WhiteElo "2208"]
[BlackElo "2429"]
[PlyCount "56"]
[EventDate "2002.11.18"]

1. e4 c5 2. Nc3 Nc6 3. g3 g6 4. Bg2 Bg7 5. Nge2 Rb8 6. d3 b5 7. a3 e6 8. h4 h5
9. Bg5 Qc7 10. Qd2 Nd4 11. Nxd4 cxd4 12. Ne2 f6 13. O-O fxg5 14. Qxg5 Kf7 15.
Qd2 Ne7 16. f4 d6 17. Bh3 Bd7 18. Rf2 Rbf8 19. Kh2 Kg8 20. Raf1 Rh7 21. Ng1 Bh6
22. Qe2 e5 23. f5 gxf5 24. exf5 Be3 25. Rf3 Nd5 26. Kh1 Nf6 27. Rxe3 dxe3 28.
Qxe3 Qxc2 0-1

[Event "IV Scaccomatto A"]
[Site "Torino ITA"]
[Date "2002.11.23"]
[Round "6"]
[White "Sorcinelli, Francesco"]
[Black "Fittante, Giuliana"]
[Result "1-0"]
[WhiteElo "1965"]
[BlackElo "1779"]
[PlyCount "107"]
[EventDate "2002.11.18"]

1. e4 e5 2. f4 d5 3. exd5 e4 4. d3 exd3 5. Qxd3 Nf6 6. Nc3 Be7 7. Bd2 O-O 8.
O-O-O Nbd7 9. h3 Nc5 10. Qf3 a5 11. g4 Bd7 12. g5 Ne8 13. Nge2 Nd6 14. Nd4 Nf5
15. Nxf5 Bxf5 16. h4 Qd7 17. Bh3 Ra6 18. Bxf5 Qxf5 19. Rhe1 Bd6 20. Ne4 Nxe4
21. Qxe4 Qxe4 22. Rxe4 a4 23. Bb4 g6 24. Bxd6 cxd6 25. Re7 Rb8 26. Rde1 Ra5 27.
c4 Rc5 28. b3 axb3 29. axb3 b5 30. Re8+ Rxe8 31. Rxe8+ Kg7 32. Re4 bxc4 33.
bxc4 Kf8 34. Kb2 Rc7 35. Kc3 Rc8 36. Re2 Rc7 37. Ra2 Ke7 38. Ra8 Rb7 39. Kd4
Rb4 40. Ra7+ Kf8 41. Rd7 Rb1 42. Kc3 Rf1 43. Rxd6 Rxf4 44. Rd7 Ke8 45. Rb7 Rxh4
46. d6 Rg4 47. c5 Rxg5 48. Kc4 Rg1 49. c6 Rc1+ 50. Kd5 Rd1+ 51. Kc5 Rc1+ 52.
Kb6 f5 53. Rb8+ Kf7 54. d7 1-0

[Event "IV Scaccomatto A"]
[Site "Torino ITA"]
[Date "2002.11.23"]
[Round "6"]
[White "Vozza, Nicola"]
[Black "Chille', Pasquale"]
[Result "0-1"]
[WhiteElo "1822"]
[BlackElo "1807"]
[PlyCount "63"]
[EventDate "2002.11.18"]

1. d4 d5 2. c4 Nc6 3. Nc3 Nf6 4. cxd5 Nxd5 5. e4 Nxc3 6. bxc3 a6 7. Bd3 e5 8.
d5 Nb8 9. Bd2 Bc5 10. Nf3 Qd6 11. O-O Bg4 12. Rb1 Ra7 13. Qe2 Nd7 14. Be3 O-O
15. h3 Bh5 16. g4 Bg6 17. Nh4 Nf6 18. f3 b5 19. Rb2 c6 20. Qf2 Bxe3 21. Qxe3
Rc7 22. Qb6 Nd7 23. Qe3 cxd5 24. Bb1 dxe4 25. fxe4 Qc5 26. Qxc5 Nxc5 27. Nf5
Na4 28. Rbf2 Nxc3 29. Bc2 Bxf5 30. gxf5 Rc4 31. Rg2 Nxe4 32. Re2 0-1

[Event "IV Scaccomatto A"]
[Site "Torino ITA"]
[Date "2002.11.24"]
[Round "7"]
[White "Chille', Pasquale"]
[Black "Pulito, Alberto"]
[Result "0-1"]
[WhiteElo "1807"]
[BlackElo "2019"]
[PlyCount "94"]
[EventDate "2002.11.18"]

1. d3 d5 2. Nd2 e6 3. e4 c5 4. Ngf3 Nf6 5. Be2 Nc6 6. O-O Be7 7. c3 b6 8. e5
Nd7 9. d4 Bb7 10. Re1 g5 11. h3 h5 12. Nf1 g4 13. hxg4 hxg4 14. N3h2 Qc7 15.
Bxg4 O-O-O 16. Re3 Rdg8 17. Rh3 Rxh3 18. Bxh3 Nf8 19. Bf4 Ng6 20. Bg3 Kb8 21.
a3 b5 22. Qd3 Qb6 23. Nf3 cxd4 24. cxd4 b4 25. N1d2 Ba6 26. Qe3 Rc8 27. Rc1 Na5
28. Rxc8+ Bxc8 29. axb4 Bxb4 30. Ng5 Qc7 31. Nb3 Nc4 32. Qe2 a5 33. f4 a4 34.
f5 exf5 35. Nxf7 axb3 36. e6 Qxg3 37. Bxf5 Ne7 38. Bd3 Qe3+ 39. Qxe3 Nxe3 40.
Ng5 Ng4 41. Be2 Nf6 42. Bd1 Bd2 43. Nf3 Be3+ 44. Kf1 Ba6+ 45. Ke1 Bc4 46. Nd2
Ne4 47. Nxe4 dxe4 0-1

[Event "IV Scaccomatto A"]
[Site "Torino ITA"]
[Date "2002.11.24"]
[Round "7"]
[White "Fassio, Luca"]
[Black "Racioppo, Paolo"]
[Result "1/2-1/2"]
[WhiteElo "2194"]
[BlackElo "2208"]
[PlyCount "56"]
[EventDate "2002.11.18"]

1. e4 c5 2. c3 g6 3. d4 Qa5 4. dxc5 Qxc5 5. Be3 Qc7 6. Nd2 Bg7 7. Ngf3 d6 8.
Bb5+ Nd7 9. O-O Ngf6 10. Nd4 O-O 11. Bxd7 Bxd7 12. f3 e5 13. Ne2 Bc6 14. c4 Nh5
15. Nc3 Nf4 16. Nb3 b6 17. Qd2 Ne6 18. Nd5 Bxd5 19. cxd5 Nc5 20. Nxc5 bxc5 21.
Rac1 Qb7 22. Rc4 Rab8 23. b3 f5 24. Rfc1 f4 25. Bf2 Rf7 26. Ra4 Qb5 27. Rcc4
Bf6 28. Ra5 Qd7 1/2-1/2

[Event "IV Scaccomatto A"]
[Site "Torino ITA"]
[Date "2002.11.24"]
[Round "7"]
[White "Ivanov, Jordan"]
[Black "Bjarnason, Oskar"]
[Result "1/2-1/2"]
[WhiteElo "2429"]
[BlackElo "2195"]
[PlyCount "37"]
[EventDate "2002.11.18"]

1. c4 c6 2. e4 d5 3. exd5 cxd5 4. d4 Nf6 5. Nc3 g6 6. Nf3 Bg7 7. Bg5 dxc4 8.
Bxc4 O-O 9. h3 a6 10. a4 b6 11. O-O Bb7 12. d5 h6 13. Bf4 b5 14. axb5 axb5 15.
Qb3 bxc4 16. Qxb7 Nbd7 17. Nd4 Qb6 18. Qxb6 Nxb6 19. d6 1/2-1/2

[Event "IV Scaccomatto A"]
[Site "Torino ITA"]
[Date "2002.11.24"]
[Round "7"]
[White "Maccagno, Giancarlo"]
[Black "Pepino, Enrico"]
[Result "1-0"]
[WhiteElo "2130"]
[BlackElo "2084"]
[PlyCount "105"]
[EventDate "2002.11.18"]

1. e4 c5 2. Nf3 d6 3. d3 g6 4. g3 Bg7 5. Bg2 Nc6 6. O-O Nf6 7. Re1 O-O 8. c3
Rb8 9. a4 b6 10. Na3 Bb7 11. Bf4 e5 12. Bd2 d5 13. Rc1 Re8 14. Bg5 dxe4 15.
dxe4 Qxd1 16. Rcxd1 Rbd8 17. Rxd8 Rxd8 18. Nc4 h6 19. Bxf6 Bxf6 20. Ne3 Kg7 21.
Nd5 Na5 22. Nd2 Ba6 23. h4 Nc4 24. Nxc4 Bxc4 25. Ra1 Rd6 26. Bf1 Bb3 27. Bb5
Bd8 28. f3 h5 29. Kf2 f5 30. c4 f4 31. gxf4 Bxh4+ 32. Ke2 exf4 33. Ra3 Bc2 34.
Kd2 Bb1 35. Ra1 Bxe4 36. fxe4 g5 37. Ke2 Re6 38. Kd3 Kg6 39. Bd7 Re5 40. Bf5+
Rxf5 41. Ne7+ Kf6 42. Nxf5 Bg3 43. Nxg3 fxg3 44. Rf1+ Ke6 45. Ke3 h4 46. Kf3
Ke5 47. Rd1 Ke6 48. b3 Kf6 49. Rd6+ Ke5 50. Rd5+ Kf6 51. Rf5+ Kg6 52. Kg4 Kh6
53. Rxg5 1-0

[Event "IV Scaccomatto A"]
[Site "Torino ITA"]
[Date "2002.11.24"]
[Round "7"]
[White "Mrdja, Milan"]
[Black "Gerard, Nicolas"]
[Result "1/2-1/2"]
[WhiteElo "2368"]
[BlackElo "2254"]
[PlyCount "24"]
[EventDate "2002.11.18"]

1. e4 c5 2. Nf3 d6 3. d4 cxd4 4. Nxd4 Nf6 5. Nc3 a6 6. g3 e5 7. Nde2 Nbd7 8.
Bg2 b5 9. f3 Bb7 10. g4 Nc5 11. Ng3 g6 12. a3 h5 1/2-1/2

[Event "IV Scaccomatto A"]
[Site "Torino ITA"]
[Date "2002.11.24"]
[Round "7"]
[White "Ranieri, Fabrizio"]
[Black "Janev, Evgeni"]
[Result "1-0"]
[WhiteElo "2173"]
[BlackElo "2473"]
[PlyCount "79"]
[EventDate "2002.11.18"]

1. e4 Nf6 2. Nc3 e5 3. Nf3 d6 4. Bc4 Be7 5. O-O O-O 6. d4 Nbd7 7. dxe5 dxe5 8.
Qe2 c6 9. a4 a5 10. h3 Qc7 11. Bg5 Nc5 12. Rfd1 Ne6 13. Be3 Bd7 14. Ng5 Nxg5
15. Bxg5 Rad8 16. Rd3 Bc8 17. Rad1 Rxd3 18. Rxd3 h6 19. Bh4 g6 20. Qe3 Kg7 21.
Bb3 b6 22. Qf3 Ba6 23. Rd1 Rd8 24. Bg3 Rxd1+ 25. Nxd1 Bd6 26. Ne3 b5 27. Bh4
Be7 28. Ng4 Qd6 29. Bg3 h5 30. Nxe5 Qc5 31. Nd3 Qb6 32. axb5 Qxb5 33. Be5 a4
34. Ba2 Qb7 35. g4 hxg4 36. hxg4 g5 37. Qf5 Bxd3 38. cxd3 Qb5 39. Qxg5+ Kf8 40.
Qh6+ 1-0

[Event "IV Scaccomatto A"]
[Site "Torino ITA"]
[Date "2002.11.24"]
[Round "7"]
[White "Saccona, Silvano"]
[Black "Sorcinelli, Francesco"]
[Result "1-0"]
[WhiteElo "2101"]
[BlackElo "1965"]
[PlyCount "71"]
[EventDate "2002.11.18"]

1. e4 c5 2. Nf3 d6 3. Be2 Nc6 4. O-O Nf6 5. Nc3 g6 6. d4 cxd4 7. Nxd4 Bg7 8.
Be3 O-O 9. Nb3 Be6 10. f4 Rc8 11. Bf3 Na5 12. Nxa5 Qxa5 13. Kh1 Rc4 14. Nd5
Nxd5 15. exd5 Bf5 16. c3 b5 17. a3 Rb8 18. Qe2 Qc7 19. Bd2 a5 20. Rac1 Qb7 21.
g4 Bc8 22. Rcd1 Rc7 23. Qe4 f5 24. gxf5 Bxf5 25. Qe3 Kf8 26. h4 h5 27. Rg1 Rc5
28. Rg5 Bf6 29. Rxf5 gxf5 30. Rg1 Qd7 31. Bxh5 Rxd5 32. Qg3 Qe6 33. Qg6 Qe4+
34. Rg2 Qxg2+ 35. Kxg2 Rxd2+ 36. Kf1 1-0

[Event "IV Scaccomatto A"]
[Site "Torino ITA"]
[Date "2002.11.24"]
[Round "7"]
[White "Soncin, Denis"]
[Black "Vozza, Nicola"]
[Result "1-0"]
[WhiteElo "2048"]
[BlackElo "1822"]
[PlyCount "153"]
[EventDate "2002.11.18"]

1. e4 e5 2. Bc4 Nf6 3. d4 exd4 4. Nf3 Nc6 5. e5 d5 6. Bb5 Ne4 7. Nxd4 Bd7 8.
Bxc6 Bxc6 9. Nxc6 bxc6 10. Qg4 Qd7 11. Qxd7+ Kxd7 12. Be3 Bc5 13. Bxc5 Nxc5 14.
O-O Rab8 15. b3 Rhe8 16. f4 Ne4 17. Na3 Ke6 18. c4 h6 19. Rae1 g5 20. Nc2 Nd2
21. Rf2 Ne4 22. Nd4+ Kd7 23. Rf3 g4 24. Rd3 Nc5 25. Rdd1 f6 26. cxd5 cxd5 27.
Nf5 h5 28. Ng7 Re7 29. Nxh5 fxe5 30. fxe5 Kc6 31. Nf6 g3 32. Nxd5 gxh2+ 33.
Kxh2 Rh7+ 34. Kg1 Rbh8 35. Nf6 Rh6 36. Kf2 Ne6 37. Rc1+ Kb5 38. Nd5 c6 39. a4+
Ka5 40. Rxc6 Rf8+ 41. Ke3 Rg6 42. Nf6 Nd8 43. Rc5+ Kb4 44. Rb5+ Ka3 45. g4 Nc6
46. Rf1 Nxe5 47. Rxe5 Rxg4 48. Nxg4 Rxf1 49. Ra5 Kxb3 50. Rxa7 Re1+ 51. Kd3
Rd1+ 52. Ke4 Kb4 53. Ne3 Rh1 54. Nd5+ Kc5 55. Ra5+ Kd6 56. Nc3 Rh4+ 57. Kd3
Rh3+ 58. Kc4 Kc6 59. Re5 Rh4+ 60. Re4 Rh5 61. Re6+ Kd7 62. Rg6 Rh8 63. Nd5 Rh4+
64. Kc5 Rh5 65. a5 Kc8 66. Kc6 Rh8 67. Rg8+ Rxg8 68. Ne7+ Kb8 69. Nxg8 Ka7 70.
Kb5 Kb7 71. Ne7 Ka7 72. Nc6+ Kb7 73. a6+ Ka8 74. Nb4 Ka7 75. Kc5 Kb8 76. Kb6
Ka8 77. Nd5 1-0

[Event "IV Scaccomatto FIDE"]
[Site "Torino ITA"]
[Date "2002.11.16"]
[Round "1"]
[White "Georgiev, Vladimir"]
[Black "Godena, Michele"]
[Result "1/2-1/2"]
[WhiteElo "2501"]
[BlackElo "2506"]
[PlyCount "86"]
[EventDate "2002.11.16"]

1. c4 e6 2. e4 d5 3. exd5 exd5 4. cxd5 Nf6 5. Bc4 Nxd5 6. Nf3 Nb6 7. Be2 Be7 8.
O-O O-O 9. Nc3 Bf5 10. d4 N8d7 11. Re1 Re8 12. Bf4 Bd6 13. Qd2 Bxf4 14. Qxf4
Bg6 15. Ne5 Nxe5 16. dxe5 Qe7 17. Bf3 c6 18. h4 h6 19. Re3 Nd7 20. h5 Bh7 21.
Rae1 Nc5 22. Ne4 Bxe4 23. Bxe4 Nxe4 24. Rxe4 Rad8 25. Kh2 Rd5 26. R1e3 Qg5 27.
Qxg5 hxg5 28. Kg3 Kh7 29. f4 gxf4+ 30. Kxf4 Rd2 31. Re2 Red8 32. g4 Rxe2 33.
Rxe2 Rd1 34. g5 Rf1+ 35. Ke4 Kg8 36. Rd2 Re1+ 37. Kf3 Rxe5 38. Rd8+ Kh7 39. Kf4
Rb5 40. b3 Rb4+ 41. Kf5 Rb5+ 42. Kf4 Rb4+ 43. Kf5 Rb5+ 1/2-1/2

[Event "IV Scaccomatto FIDE"]
[Site "Torino ITA"]
[Date "2002.11.16"]
[Round "1"]
[White "Mukic, Josko"]
[Black "Sarno, Spartaco"]
[Result "0-1"]
[WhiteElo "2365"]
[BlackElo "2412"]
[PlyCount "51"]
[EventDate "2002.11.16"]

1. d4 g6 2. h4 Nf6 3. h5 Nxh5 4. e4 d6 5. Nc3 c6 6. Bc4 Nf6 7. Qe2 Bg7 8. e5
Nd5 9. Nxd5 cxd5 10. Bb3 Nc6 11. Be3 Qa5+ 12. Bd2 Qc7 13. Nf3 dxe5 14. dxe5 Bg4
15. Bc3 e6 16. O-O-O O-O-O 17. Qe3 h5 18. Kb1 Bxf3 19. Qxf3 Bxe5 20. Rhe1 Bxc3
21. Qxc3 Kb8 22. Qf6 Rc8 23. c4 dxc4 24. Bxc4 Rhd8 25. Rc1 Qe7 26. Qf4+ 0-1

[Event "IV Scaccomatto FIDE"]
[Site "Torino ITA"]
[Date "2002.11.16"]
[Round "1"]
[White "Piscopo, Pierluigi"]
[Black "Etchegaray, Patrice"]
[Result "0-1"]
[WhiteElo "2272"]
[BlackElo "2347"]
[PlyCount "65"]
[EventDate "2002.11.16"]

1. e4 Nf6 2. e5 Nd5 3. Nc3 Nxc3 4. bxc3 d5 5. d4 c5 6. Nf3 Nc6 7. Be2 Bg4 8.
Rb1 Qd7 9. h3 Bxf3 10. Bxf3 e6 11. O-O Be7 12. Re1 c4 13. a4 Qc7 14. Bd2 a6 15.
Rb2 Rb8 16. g3 O-O 17. Ra2 b5 18. axb5 axb5 19. Bg2 b4 20. Qg4 b3 21. cxb3 cxb3
22. Bh6 g6 23. Rae2 Rfc8 24. c4 dxc4 25. d5 exd5 26. Bxd5 Nd8 27. h4 b2 28. Be4
c3 29. h5 Rb4 30. hxg6 hxg6 31. Bf4 Rxe4 32. Rxe4 Ne6 33. Qf3 0-1

[Event "IV Scaccomatto FIDE"]
[Site "Torino ITA"]
[Date "2002.11.16"]
[Round "1"]
[White "Sedina, Elena"]
[Black "Castaldo, Folco"]
[Result "1-0"]
[WhiteElo "2428"]
[BlackElo "2338"]
[PlyCount "63"]
[EventDate "2002.11.16"]

1. e4 e6 2. d4 d5 3. Nc3 dxe4 4. Nxe4 Nd7 5. Nf3 Ngf6 6. Nxf6+ Nxf6 7. c3 c5 8.
Be3 cxd4 9. Bxd4 Be7 10. Bd3 Qd5 11. O-O Bd7 12. Re1 Bc6 13. Qc2 Bd6 14. Bxf6
gxf6 15. Be4 Qc5 16. Bxc6+ Qxc6 17. Nd4 Qd7 18. a4 Bc5 19. Rad1 Bxd4 20. Rxd4
Qc6 21. Red1 Rg8 22. g3 Rg6 23. Rd6 Qf3 24. R1d3 Qf5 25. Qb3 Rb8 26. h4 Rg4 27.
Rd7 Re4 28. Qd1 Kf8 29. Kg2 Rc4 30. Rf3 Qe4 31. Qd6+ Kg7 32. Qxb8 1-0

[Event "IV Scaccomatto FIDE"]
[Site "Torino ITA"]
[Date "2002.11.17"]
[Round "2"]
[White "Etchegaray, Patrice"]
[Black "Georgiev, Vladimir"]
[Result "0-1"]
[WhiteElo "2347"]
[BlackElo "2501"]
[PlyCount "80"]
[EventDate "2002.11.16"]

1. e4 c5 2. Nf3 Nc6 3. Bb5 g6 4. O-O Bg7 5. c3 e5 6. d3 Nge7 7. Be3 d6 8. d4
exd4 9. cxd4 O-O 10. Nc3 Qb6 11. dxc5 dxc5 12. Qd6 Nd4 13. Qxe7 Bf6 14. Nd5
Nxf3+ 15. gxf3 Bxe7 16. Nxb6 axb6 17. Bc4 Bd7 18. Rfd1 Bc6 19. Bf4 b5 20. Bd5
Rfd8 21. Bc7 Rd7 22. Bxc6 Rxd1+ 23. Rxd1 bxc6 24. a3 Kf8 25. Bd6 Ke8 26. Bxe7
Kxe7 27. Kf1 Ra4 28. Rc1 Kd6 29. Ke2 c4 30. Ke3 Kc5 31. f4 b4 32. axb4+ Rxb4
33. Rc2 Rb3+ 34. Ke2 Rd3 35. f3 Kb4 36. e5 Kb3 37. Rc1 c5 38. h4 Rd4 39. h5
Kxb2 40. hxg6 hxg6 0-1

[Event "IV Scaccomatto FIDE"]
[Site "Torino ITA"]
[Date "2002.11.17"]
[Round "2"]
[White "Godena, Michele"]
[Black "Mukic, Josko"]
[Result "1-0"]
[WhiteElo "2506"]
[BlackElo "2365"]
[PlyCount "55"]
[EventDate "2002.11.16"]

1. e4 d5 2. exd5 Qxd5 3. Nc3 Qa5 4. g3 c6 5. Bg2 Nf6 6. Nf3 e5 7. Qe2 Bd6 8. d4
Nbd7 9. Bd2 O-O 10. Ne4 Bb4 11. Nxf6+ Nxf6 12. Bxb4 Qxb4+ 13. c3 Qa5 14. Nxe5
Re8 15. O-O Ng4 16. Nxc6 Rxe2 17. Nxa5 Rxb2 18. h3 Nf6 19. Rfb1 Rc2 20. Nxb7
Bxb7 21. Bxb7 Re8 22. Rc1 Rb2 23. Bf3 g5 24. g4 Rd2 25. Rd1 Rc2 26. Rac1 Rxa2
27. c4 Rb8 28. c5 1-0

[Event "IV Scaccomatto FIDE"]
[Site "Torino ITA"]
[Date "2002.11.17"]
[Round "2"]
[White "Sedina, Elena"]
[Black "Lazic, Miroljub"]
[Result "1/2-1/2"]
[WhiteElo "2428"]
[BlackElo "2461"]
[PlyCount "78"]
[EventDate "2002.11.16"]

1. e4 Nc6 2. Nf3 d6 3. d4 Nf6 4. Nc3 Bg4 5. Bb5 Nd7 6. Be3 e6 7. h3 Bxf3 8.
Qxf3 a6 9. Ba4 b5 10. Bb3 Na5 11. d5 e5 12. O-O Be7 13. Ne2 O-O 14. Bd2 Nb7 15.
c4 Bg5 16. Bc3 Nbc5 17. cxb5 axb5 18. Bc2 Na4 19. Bxa4 Rxa4 20. b3 Ra7 21. a4
bxa4 22. bxa4 Nc5 23. a5 Rb7 24. Rfb1 Qb8 25. Rxb7 Qxb7 26. Ng3 g6 27. Qe2 Ra8
28. Qc2 Rb8 29. Nf1 Qb3 30. Qxb3 Rxb3 31. a6 Nxa6 32. Bxe5 dxe5 33. Rxa6 Rb4
34. f3 Rb1 35. Kf2 Rb2+ 36. Kg1 Rc2 37. d6 cxd6 38. Rxd6 Kg7 39. Rd1 h5 1/2-1/2

[Event "IV Scaccomatto FIDE"]
[Site "Torino ITA"]
[Date "2002.11.18"]
[Round "3"]
[White "Lazic, Miroljub"]
[Black "Castaldo, Folco"]
[Result "1-0"]
[WhiteElo "2461"]
[BlackElo "2338"]
[PlyCount "113"]
[EventDate "2002.11.16"]

1. Nf3 d5 2. d4 Nf6 3. Bf4 c6 4. e3 Bf5 5. Nbd2 Nbd7 6. h3 h6 7. c4 e6 8. Qb3
Qb6 9. c5 Qxb3 10. axb3 a6 11. b4 Be7 12. b5 cxb5 13. Bxb5 O-O 14. Be2 Nb8 15.
O-O Nc6 16. Nb3 Nd7 17. Rfc1 Rfc8 18. Rc3 Bd8 19. Nfd2 Bc7 20. Bxc7 Rxc7 21. f3
e5 22. dxe5 Ndxe5 23. g4 Bh7 24. Ra4 Re7 25. Kf2 Rae8 26. Nd4 Rc7 27. Nxc6 Nxc6
28. Nb3 Rec8 29. Nd4 Nd8 30. b4 Kf8 31. Ra2 Ne6 32. Rd2 a5 33. bxa5 Rxc5 34.
Rxc5 Rxc5 35. Nb3 Rc3 36. Bd1 Bd3 37. Rb2 Ba6 38. Be2 Bc4 39. Nd4 Nc5 40. Bxc4
dxc4 41. Rb5 Nd3+ 42. Ke2 Ra3 43. Kd2 g6 44. h4 Nf2 45. Nc2 Rd3+ 46. Kc1 c3 47.
Nb4 Rd7 48. e4 Rd4 49. Nd5 Rd3 50. Rxb7 Rxf3 51. a6 Nd3+ 52. Kd1 Nb2+ 53. Kc2
Na4 54. Rb8+ Kg7 55. a7 Rf2+ 56. Kd3 Nb2+ 57. Kxc3 1-0

[Event "IV Scaccomatto FIDE"]
[Site "Torino ITA"]
[Date "2002.11.18"]
[Round "3"]
[White "Piscopo, Pierluigi"]
[Black "Sedina, Elena"]
[Result "1/2-1/2"]
[WhiteElo "2272"]
[BlackElo "2428"]
[PlyCount "120"]
[EventDate "2002.11.16"]

1. e4 e6 2. d4 d5 3. Nc3 Bb4 4. e5 Ne7 5. Nf3 c5 6. dxc5 Nbc6 7. Bd3 Ng6 8.
Bxg6 hxg6 9. Be3 Qc7 10. Qd3 Bd7 11. a3 d4 12. axb4 Nxb4 13. Qd2 dxe3 14. fxe3
Bc6 15. e4 g5 16. g4 Qe7 17. Qf2 Na6 18. O-O Nxc5 19. Qe3 Nd7 20. Rxa7 Rxa7 21.
Qxa7 O-O 22. Qd4 f6 23. Qd6 Qxd6 24. exd6 Nc5 25. Nd4 Rd8 26. b4 Rxd6 27. Nxc6
Rxc6 28. bxc5 Rxc5 29. Rf3 b5 30. Re3 Kf7 31. h3 Ke7 32. Kf1 b4 33. Na2 Rxc2
34. Nxb4 Rb2 35. Nd3 Ra2 36. Re2 Ra3 37. Rd2 Ra4 38. Nc5 Ra7 39. Ke2 Rc7 40.
Nb3 Rc4 41. Kd3 Rb4 42. Nd4 Rb1 43. Ra2 Rh1 44. Ra7+ Kd6 45. Ra6+ Ke5 46. Rxe6+
Kf4 47. Nf5 Rxh3+ 48. Kd4 Rh7 49. Re7 Kxg4 50. Nxg7 Kh3 51. Nf5 Rxe7 52. Nxe7
g4 53. Ng6 g3 54. Nf4+ Kh2 55. Ke3 g2 56. Ne2 g1=Q+ 57. Nxg1 Kxg1 58. Kf3 Kf1
59. Ke3 Kg2 60. Kf4 Kf2 1/2-1/2

[Event "IV Scaccomatto FIDE"]
[Site "Torino ITA"]
[Date "2002.11.18"]
[Round "3"]
[White "Sarno, Spartaco"]
[Black "Godena, Michele"]
[Result "1/2-1/2"]
[WhiteElo "2412"]
[BlackElo "2506"]
[PlyCount "20"]
[EventDate "2002.11.16"]

1. d4 d5 2. Nf3 Nf6 3. c4 c6 4. Nc3 e6 5. cxd5 exd5 6. Bg5 Nbd7 7. e3 Be7 8.
Bd3 O-O 9. Qc2 Re8 10. O-O Nf8 1/2-1/2